Imre Sándor és a paedagogium

Elmentve itt :
Bibliográfiai részletek
Szerző: Tóth Gábor
Dokumentumtípus: Cikk
Megjelent: 1998
Sorozat:Magyar pedagógia : a Magyar Tudományos Akadémia Pedagógiai Bizottságának folyóirata 98 No. 2
Kulcsszavak:Imre Sándor, Tanítóképzés Magyarország 20. sz.
Online Access:http://misc.bibl.u-szeged.hu/13840
LEADER 00682nab a2200181 i 4500
001 misc13840
005 20191106141003.0
008 170607s1998 hu o 0|| hun d
022 |a 0025-0260 
040 |a SZTE Miscellanea Repozitórium  |b hun 
041 |a hun 
100 1 |a Tóth Gábor 
245 1 0 |a Imre Sándor és a paedagogium  |h [elektronikus dokumentum] /  |c  Tóth Gábor 
260 |c 1998 
300 |a 99-122 
490 0 |a Magyar pedagógia : a Magyar Tudományos Akadémia Pedagógiai Bizottságának folyóirata  |v 98 No. 2 
695 |a Imre Sándor, Tanítóképzés Magyarország 20. sz. 
856 4 0 |u http://misc.bibl.u-szeged.hu/13840/1/mp_1998_002_6185_099-122.pdf  |z Dokumentum-elérés